Action taken by Government on the recommendations contained in the twenty-first Report of the Committee on Public Undertakings (third Lok Sabha), (Record no. 88570)
[ view plain ]
| 000 -LEADER | |
|---|---|
| fixed length control field | 00776cam a2200217 4500 |
| 001 - CONTROL NUMBER | |
| control field | sa 68018666 |
| 003 - CONTROL NUMBER IDENTIFIER | |
| control field | DLC |
| 005 - DATE AND TIME OF LATEST TRANSACTION | |
| control field | 20260227112713.0 |
| 008 - FIXED-LENGTH DATA ELEMENTS--GENERAL INFORMATION | |
| fixed length control field | 710521s1968 ii 00000 eng |
| 010 ## - LIBRARY OF CONGRESS CONTROL NUMBER | |
| LC control number | sa 68018666 //r84 |
| 025 ## - OVERSEAS ACQUISITION NUMBER | |
| Overseas acquisition number | PL480:I-F-E-133 |
| 050 0# - LIBRARY OF CONGRESS CALL NUMBER | |
| Classification number | HE9871.A95 |
| Item number | I5 |
| 110 10 - MAIN ENTRY--CORPORATE NAME | |
| Corporate name or jurisdiction name as entry element | India. |
| Subordinate unit | Parliament. |
| -- | Committee on Public Undertakings. |
| 245 00 - TITLE STATEMENT | |
| Title | Action taken by Government on the recommendations contained in the twenty-first Report of the Committee on Public Undertakings (third Lok Sabha), |
| Remainder of title | Air India, Ministry of Tourism & Civil Aviation. |
| 260 0# - PUBLICATION, DISTRIBUTION, ETC. | |
| Place of publication, distribution, etc. | New Delhi, |
| Name of publisher, distributor, etc. | Lok Sabha Secretariat, |
| Date of publication, distribution, etc. | 1968. |
| 300 ## - PHYSICAL DESCRIPTION | |
| Extent | v, 33 p. |
| Dimensions | 25 cm. |
| 350 ## - PRICE (NR) (BK AM CF MU VM SE) [OBSOLETE] | |
| Price | Rs0.65 |
| 410 11 - SERIES STATEMENT/ADDED ENTRY--CORPORATE NAME [OBSOLETE, CAN/MARC], [LOCAL, USA] | |
| Corporate name or jurisdiction name as entry element | Its |
| Title of a work | Report, |
| Volume number/sequential designation | 4th Lok Sabha, 22 |
| 500 ## - GENERAL NOTE | |
| General note | Cover title. |
| 610 20 - SUBJECT ADDED ENTRY--CORPORATE NAME | |
| Corporate name or jurisdiction name as entry element | Air-India. |
No items available.